MARC

LEADER 00000nam0a2200000 4500
001 370292
005 20231102012251.0
035 |a (RuTPU)RU\TPU\retro\27700 
090 |a 370292 
100 |a 20220623d1978 km y0rusy50 ca 
101 0 |a rus 
102 |a LV 
105 |a a z 001zy 
200 1 |a Вычислительные методы конструирования лекарств  |f В. Е. Голендер, А. Б. Розенблит  |g Академия наук Латвийской ССР, Институт органического синтеза 
210 |a Рига  |c Зинатне  |d 1978 
215 |a 232 с.  |c ил. 
320 |a Библиогр.: с. 211-224 
320 |a Предм. указ.: с. 225-226 
320 |a Имен. указ.: с. 227-228 
606 1 |a Фармацевтические препараты  |2 stltpush  |3 (RuTPU)RU\TPU\subj\60554  |9 77834 
610 1 |a вычислительные методы 
610 1 |a лекарственные формы 
610 1 |a конструирование 
610 1 |a химическая структура 
610 1 |a биологическая активность 
610 1 |a регрессионные модели 
610 1 |a регрессионный анализ 
610 1 |a распознавание 
610 1 |a пакет программ 
675 |a 615.4  |v 4 
700 1 |a Голендер  |b В. Е.  |g Валерий Ефимович 
701 1 |a Розенблит  |b А. Б.  |g Анатолий Борисович 
712 0 2 |a Академия наук Латвийской ССР  |b Институт органического синтеза  |c (Рига)  |2 stltpush  |3 (RuTPU)RU\TPU\col\12433  |9 25393 
801 1 |a RU  |b 63413507  |c 20220623 
942 |c BK